Najlepsza czwórka w angielskiej piłce nożnej, 1888–2025 - Statystyki

Ogólne statystyki
  • Ten quiz został rozwiązany 3 064 razy
  • Średni wynik to 16 z 40
Statystyki odpowiedzi
Klub % Poprawnych
Manchester City
98%
Manchester United
98%
Liverpool
97%
Arsenal
95%
Chelsea
94%
Tottenham Hotspur
87%
Leicester City
81%
Aston Villa
74%
Newcastle United
74%
Everton
65%
West Ham United
63%
Leeds United
55%
Nottingham Forest
52%
Southampton
46%
Sunderland
42%
Blackburn Rovers
40%
Crystal Palace
40%
Wolverhampton Wanderers
36%
Burnley
31%
Oldham Athletic
31%
Sheffield United
31%
Norwich City
29%
Derby County
25%
Cardiff City
23%
Ipswich Town
23%
Sheffield Wednesday
21%
Stoke City
21%
Portsmouth
20%
Bristol City
18%
West Bromwich Albion
16%
Watford
15%
Blackpool
14%
Queens Park Rangers
14%
Preston North End
12%
Huddersfield Town
10%
Middlesbrough
10%
Bolton Wanderers
7%
Charlton Athletic
7%
Notts County
6%
Bury
4%
Nie znaleziono quizów pasujących do podanych kryteriów
Rozkład punktacji
Procent ludzi z każdym wynikiem
Percentyl według liczby udzielonych odpowiedzi
Twoja historia wyników
Nie rozwiązałeś tego quizu